| 000 | 00585nam a2200181Ia 4500 | ||
|---|---|---|---|
| 005 | 20260407124701.0 | ||
| 022 | _a2536-7153 | ||
| 050 | _aRB 37 .S65/ | ||
| 245 | 0 | _aSokoto journal of medical laboratory science [SJMLS] | |
| 250 | _aVol. 8, No. 2, | ||
| 260 | _aSokoto, Nigeria | ||
| 260 | _bInternational Institute of Academic Research and Development (IIARD) | ||
| 260 | _c2023 | ||
| 300 | _aiv, 255 p. :ill. ; 29 cm. | ||
| 490 | _aVol. 8, No. 3, | ||
| 650 | _aMedical laboratory technology--Periodicals. Laboratories--Equipment and supplies--Periodicals. | ||
| 942 |
_cSR _2lcc |
||
| 999 |
_c44270 _d44270 |
||